000 00475nam a2200157Ia 4500
008 210716s1996 xx 000 0 und d
020 _a9780060928209
041 _aeng
082 _a153.35 CSIM
100 _aCsikszentmihalyi, Mihaly.
245 _aCreativity: flow and the psychology of discovery and invention.
_bFlow and the psychology of discovery and invention.
250 _a1
260 _aAmerica
_bHarper perennial
_c1996
300 _aviii,456
650 _aNone
999 _c206473
_d206473